000 00905cab a2200325 4500
001 ABS60489
008 090401t1999 xxu||||| |||| 00| 0 eng d
035 _a(Sirsi) u92821
041 _aeng
100 _aYouens, A.
245 _aNavigating through the legislation maze
260 _c1999
350 _a0
490 _aProperty Week
_v64 (14) 9 April 1999, 32-33(2)
650 _aASSURED SHORTHOLD TENANCIES
650 _aASSURED TENANCIES
650 _aHOUSING ACT 1988
650 _aHOUSING ACT 1996
650 _aLEGISLATION
650 _aMARRIAGE VALUE
650 _aPRIVATE HOUSING
650 _aRATEABLE VALUE LIMITS
650 _aRENT ACT 1977
650 _aRESIDENTIAL LETTINGS
650 _aPROPERTY-RESIDENTIAL PROPERTY-RESIDENTIAL LANDLORD AND TENANT-RESIDENTIAL TENANCIES
650 _aValuation
_96273
690 _aHOUSING
942 _n0
948 _c19/04/1999
999 _c58831
_d58831